Fit to fly : an aeromedicine handbook for pilots /

Bibliographic Details
Main Author: Hansen, W. Bryce
Format: Book
Language:English
Published: New York : Van Nostrand Reinhold, 1982
Edition:2nd ed.
Subjects:

MARC

Tag First Indicator Second Indicator Subfields
LEADER 00000cam a2200000 a 4500
001 in00000499721
005 20151013070441.0
008 820630c19821980nyua b 00110 eng
010 |a  81052513  
020 |a 0442236085 :  |c $10.95 
035 |a (OCoLC)08627271 
035 |9 ACE0543AM 
039 0 |a 2  |b 3  |c 3  |d 3  |e 3 
040 |a DLC  |c DLC  |d CUX  |d TXA  |d UtOrBLW 
049 |a TXAM  |c [1483866] 
050 0 0 |a RC1062  |b .H27 1982 
060 0 |a WD 700 H249f 1980a 
082 0 |a 616.9/80213  |2 19 
100 1 |a Hansen, W. Bryce. 
245 1 0 |a Fit to fly :  |b an aeromedicine handbook for pilots /  |c W. Bryce Hansen. 
250 |a 2nd ed. 
264 1 |a New York :  |b Van Nostrand Reinhold,  |c 1982 
264 4 |c ©1980 
300 |a ix, 132 pages :  |b illustrations ;  |c 22 cm. 
336 |a text  |b txt  |2 rdacontent 
337 |a unmediated  |b n  |2 rdamedia 
338 |a volume  |b nc  |2 rdacarrier 
500 |a Revised edition of: Flying is safe--are you? 1969. 
504 |a Includes bibliographical references and index. 
650 0 |a Aviation medicine  |x Handbooks, manuals, etc. 
650 2 |a Aerospace Medicine. 
999 |a MARS 
999 f f |s 8a972001-b0b0-3275-9f6b-82c88adbfdce  |i d481bd6c-9475-379a-a43a-936261247d4c  |t 0 
952 f f |p ric  |a Texas A&M University  |b Rellis Campus  |c Joint Library Facility  |d Remote Storage  |t 0  |e RC1062 .H27 1982  |h Library of Congress classification  |i unmediated -- volume  |m A14807841276 
998 f f |a RC1062 .H27 1982  |t 0  |l Remote Storage